000
00286nam a2200121Ia 4500
008
190216s9999||||xx |||||||||||||| ||und||
100
_a
Muhammed K T
245
0
_a
Karavatta Pasu
260
_b
University Of Calicut
_c
1999
300
_a
80p
650
_a
Malayalam Nadakam
942
_c
BK
999
_c
27810
_d
27810